Scaleup and design of industrial mixing processes /

Saved in:
Bibliographic Details
Main Author: Tatterson, Gary B.
Format: Book
Language:English
Published: New York McGraw-Hill c1994.
Edition:2nd ed.
Subjects:
Online Access:View in OPAC
Tags: Add Tag
No Tags, Be the first to tag this record!

MARC

LEADER 00000pam a2200000 a 4500
005 20260127134137.0
008 050707s1994 nyua b 001 0 eng
010 |a 93-031551 
020 |a 0972663517 
035 |a vtls008182981 
035 |a 2524399 
039 9 |y 200507071433  |z mschk03 
040 |a STUSCHK1  |b slo  |c STUSCHK1 
082 0 0 |a 660/.284292  |2 20 
100 1 |a Tatterson, Gary B. 
245 1 0 |a Scaleup and design of industrial mixing processes /  |c Gary B. Tatterson. 
250 |a 2nd ed. 
260 |a New York  |b McGraw-Hill  |c c1994. 
300 |a xiii, 312 p.  |b ill.  |c 24 cm. 
504 |a Includes bibliographical references and index. 
650 0 |a Mixing. 
906 |a 7  |b cbc  |c orignew  |d 1  |e ocip  |f 19  |g y-gencatlg 
910 |a SCHK95 
919 |a 0-9726635-1-7 
991 |b c-GenColl  |h TP156.M5  |i T39 1994  |p 00017282967  |t Copy 1  |w BOOKS 
999 |c 5086  |d 5086